Statistics for Classic Movies

Click here to take the quiz!

General Stats

  • This quiz has been taken 255 times
  • The average score is 10 of 15

Answer Stats

Hint Answer % Correct
The bitter sweet love between two people on a doomed ship.Titanic
96%
A little boy discovers an alien and hides him as he tries to help him find a way home.E.T.
92%
She joins up with a scarecrow, lion, and tin man and walks a yellow road for two hours.The Wizard of Oz
86%
A magical nanny comes to save Mr. Banks and his children with songs and Dick Van DykeMary Poppins
78%
He has a scar on his face and there's a lot of drugs in the movie.Scarface
76%
Tom Cruise as a pilot who suffers a tragic loss of his best friend and falls in love with his instructor.Top Gun
74%
A group of teens living in the eighties come together for the Saturday detention of their lives.The Breakfast Club
71%
"We're gonna need a bigger boat."Jaws
71%
1940's mafia family in New York City and their struggle with rival families.The Godfather
70%
"They may take our land, but they will never take our freedom!"Braveheart
64%
"This is SPARTA!"300
64%
"Yippeekiyay Mother f@*#$!Die Hard
51%
Tom Cruise drunk in Japan with a samurai sword.The Last Samurai
49%
Two Irsh brothers work together to clean up the streets of Boston from crime and evil.The Boondock Saints
11%
A little girl falls down a rabbit hole and encounters a mysterious world unlike any other.Alive in Wonderland.
4%

Score Distribution

Percentile by Number Answered

Percent of People with Each Score

Your Score History

You have not taken this quiz